000 00287nam a2200133 i 4500
001 bg
245 0 _aAkustika i ultrazvukovaja technika.
260 _aKiev,
_c1972.
040 _cBPK
041 _apol
080 _a534+535
942 _cKS
008 s pl f |000 0 pol
999 _c15069
_d15069
856 _uhttp://koha.tu.koszalin.pl/cgi-bin/koha/opac-detail.pl?biblionumber=15069
_yKatalog online BPK